[Event "Cheliabinsk Panchenko Memorial op-A"]
[Site "Cheliabinsk"]
[Date "2020.09.08"]
[Round "2"]
[White "Fomkin, Dmitry"]
[Black "Bogdanov, Aldar"]
[Result "1-0"]
[WhiteElo "1923"]
[BlackElo "1389"]
[PlyCount "33"]
[EventDate "2020.09.07"]
[EventType "swiss"]
[EventRounds "9"]
[EventCountry "RUS"]
[SourceTitle "CBM 198 Extra"]
[Source "ChessBase"]
[SourceDate "2020.11.30"]
[SourceVersion "1"]
[SourceVersionDate "2020.11.30"]
[SourceQuality "1"]

1. e4 c5 2. Nf3 d6 3. Bb5+ Nd7 4. d4 cxd4 5. Qxd4 a6 6. Bxd7+ Bxd7 7. 0-0 Nf6 8. c4 g6 9. Nc3 Bg7 10. b3 0-0 11. Bb2 Bc6 12. Nd5 Bxd5 13. cxd5 Qd7 14. Rac1 a5 15. Rc4 e5 16. dxe6 fxe6 17. Rd1 1-0